All Cities in the UK - Statistics

General Stats
  • This quiz has been taken 5,639 times
  • The average score is 44 of 69
Answer Stats
Hint Answer % Correct
London
97%
Manchester
94%
Liverpool
93%
Cardiff
92%
Glasgow
92%
Birmingham
91%
Edinburgh
91%
Newcastle upon Tyne
89%
Aberdeen
88%
Leeds
87%
Bristol
86%
Belfast
85%
York
84%
Oxford
83%
Swansea
82%
Brighton & Hove
81%
Cambridge
81%
Southampton
81%
Leicester
79%
Norwich
79%
Nottingham
79%
Plymouth
79%
Sheffield
79%
Portsmouth
78%
Kingston upon Hull
72%
Inverness
71%
Derry
69%
Dundee
69%
Exeter
69%
Bradford
68%
Derby
68%
Bath
67%
Chester
67%
Sunderland
67%
Coventry
65%
Lincoln
65%
Stoke-on-Trent
62%
Carlisle
61%
Wolverhampton
61%
Durham
58%
Gloucester
58%
Lancaster
57%
Canterbury
56%
Worcester
55%
Newport
54%
Preston
53%
Truro
52%
Perth
50%
Peterborough
50%
Winchester
50%
St David's
48%
Bangor
47%
Hereford
47%
City of Westminster
45%
Ely
45%
Salisbury
45%
Salford
44%
Stirling
44%
Chichester
43%
St Albans
41%
Wakefield
41%
Chelmsford
39%
Wells
39%
Armagh
38%
St Asaph
35%
Lichfield
34%
Ripon
34%
Lisburn
33%
Newry
33%
No matching quizzes found
Score Distribution
Percent of People with Each Score
Percentile by Number Answered
Your Score History
You have not taken this quiz